[Event "Atviras BTA Lietuvos RAPID2021"]
[Site "Vilnius, Lithuania"]
[Date "2021.07.17"]
[Round "9.7"]
[White "Armonaitis, Silvestras"]
[Black "Narmontas, Tauras"]
[Result "0-1"]
[WhiteElo "2101"]
[BlackElo "2222"]
[PlyCount "170"]

1. e4 {[%emt 0:00:03]} Nf6 {[%emt 0:00:08]} 2. e5 {[%emt 0:00:11]} Nd5 {[%emt
0:00:01]} 3. d4 {[%emt 0:00:02]} d6 {[%emt 0:00:01]} 4. Nf3 {[%emt 0:00:01]} g6
{[%emt 0:00:02]} 5. Bc4 {[%emt 0:00:02]} Nb6 {[%emt 0:00:02]} 6. Bb3 {[%emt 0:
00:00]} Bg7 {[%emt 0:00:08]} 7. O-O {[%emt 0:00:14]} O-O {[%emt 0:00:08]} 8. h3
{[%emt 0:02:06]} Nc6 {[%emt 0:00:12]} 9. Qe2 {[%emt 0:01:11]} d5 {[%emt 0:01:
30]} 10. Nc3 {[%emt 0:00:51]} Bf5 {[%emt 0:01:55]} 11. Re1 {[%emt 0:00:23]} a5
{[%emt 0:00:52]} 12. a4 {[%emt 0:00:41]} h6 {[%emt 0:00:19]} 13. g4 {[%emt 0:
00:22]} Be6 {[%emt 0:00:12]} 14. Bf4 {[%emt 0:00:17]} Qd7 {[%emt 0:00:07]} 15.
Rad1 {[%emt 0:00:27]} Rfc8 {[%emt 0:00:59]} 16. Qd2 {[%emt 0:00:50]} Kh7 {
[%emt 0:00:03]} 17. Nb5 {[%emt 0:00:01]} Na7 {[%emt 0:00:21]} 18. Nxa7 {[%emt
0:00:47]} Rxa7 {[%emt 0:00:01]} 19. Ra1 {[%emt 0:00:18]} Bxg4 {[%emt 0:00:17]}
20. hxg4 {[%emt 0:00:21]} Qxg4+ {[%emt 0:00:02]} 21. Bg3 {[%emt 0:00:02]} Qxf3
{[%emt 0:00:02]} 22. c3 {[%emt 0:00:12]} Qf5 {[%emt 0:01:22]} 23. e6 {[%emt 0:
00:13]} fxe6 {[%emt 0:00:15]} 24. Bc2 {[%emt 0:00:00]} Nc4 {[%emt 0:00:07]} 25.
Qe2 {[%emt 0:00:27]} Qf7 {[%emt 0:01:34]} 26. Qxe6 {[%emt 0:01:36]} Rf8 {[%emt
0:00:01]} 27. Qxf7 {[%emt 0:00:18]} Rxf7 {[%emt 0:00:01]} 28. Re6 {[%emt 0:00:
02]} Bf6 {[%emt 0:00:16]} 29. Bxc7 {[%emt 0:00:12]} Nxb2 {[%emt 0:00:17]} 30.
Rb1 {[%emt 0:00:10]} Nc4 {[%emt 0:00:03]} 31. Bg3 {[%emt 0:00:10]} b6 {[%emt 0:
00:11]} 32. Rb5 {[%emt 0:00:03]} Rd7 {[%emt 0:00:13]} 33. Bb3 {[%emt 0:00:04]}
Bg5 {[%emt 0:00:21]} 34. Bxc4 {[%emt 0:00:05]} dxc4 {[%emt 0:00:01]} 35. Rexb6
{[%emt 0:00:04]} Bd2 {[%emt 0:00:02]} 36. Rxa5 {[%emt 0:00:12]} Bxc3 {[%emt 0:
00:02]} 37. Raa6 {[%emt 0:00:00]} Rg7 {[%emt 0:00:20]} 38. Be5 {[%emt 0:00:01]}
Bxd4 {[%emt 0:00:01]} 39. Bxg7 {[%emt 0:00:11]} Bxb6 {[%emt 0:00:02]} 40. Bxh6
{[%emt 0:00:06]} Bxf2+ {[%emt 0:00:15]} 41. Kxf2 {[%emt 0:00:00]} Kxh6 {[%emt
0:00:01]} 42. Rc6 {[%emt 0:00:01]} Rd2+ {[%emt 0:00:19]} 43. Ke3 {[%emt 0:00:
02]} Rc2 {[%emt 0:00:01]} 44. a5 {[%emt 0:00:04]} Ra2 {[%emt 0:00:06]} 45. a6 {
[%emt 0:00:10]} c3 {[%emt 0:00:03]} 46. Kd3 {[%emt 0:00:02]} c2 {[%emt 0:00:01]
} 47. Rxc2 {[%emt 0:00:06]} Rxa6 {[%emt 0:00:02]} 48. Ke4 {[%emt 0:00:14]} Kg7
{[%emt 0:00:06]} 49. Kf4 {[%emt 0:00:04]} Kf6 {[%emt 0:00:03]} 50. Rc4 {[%emt
0:00:02]} Rd6 {[%emt 0:00:02]} 51. Ra4 {[%emt 0:00:02]} g5+ {[%emt 0:00:08]}
52. Kg4 {[%emt 0:00:02]} e5 {[%emt 0:00:03]} 53. Ra8 {[%emt 0:00:03]} Rd4+ {
[%emt 0:00:01]} 54. Kg3 {[%emt 0:00:01]} g4 {[%emt 0:00:13]} 55. Rf8+ {[%emt 0:
00:03]} Ke6 {[%emt 0:00:02]} 56. Rg8 {[%emt 0:00:02]} Kd5 {[%emt 0:00:04]} 57.
Rd8+ {[%emt 0:00:24]} Kc4 {[%emt 0:00:03]} 58. Re8 {[%emt 0:00:02]} Re4 {[%emt
0:00:12]} 59. Re7 {[%emt 0:00:04]} Kd4 {[%emt 0:00:05]} 60. Kf2 {[%emt 0:00:03]
} Re3 {[%emt 0:00:10]} 61. Rd7+ {[%emt 0:00:10]} Ke4 {[%emt 0:00:01]} 62. Rd2 {
[%emt 0:00:12]} Ra3 {[%emt 0:00:11]} 63. Re2+ {[%emt 0:00:02]} Kf4 {[%emt 0:00:
01]} 64. Rb2 {[%emt 0:00:02]} e4 {[%emt 0:00:02]} 65. Rc2 {[%emt 0:00:08]} Rd3
{[%emt 0:00:02]} 66. Rb2 {[%emt 0:00:01]} e3+ {[%emt 0:00:04]} 67. Kf1 {[%emt
0:00:05]} Kf3 {[%emt 0:00:04]} 68. Rf2+ {[%emt 0:00:04]} Kg3 {[%emt 0:00:11]}
69. Rg2+ {[%emt 0:00:01]} Kf4 {[%emt 0:00:02]} 70. Ke1 {[%emt 0:00:05]} Rd2 {
[%emt 0:00:07]} 71. Rg1 {[%emt 0:00:08]} Kf3 {[%emt 0:00:19]} 72. Rf1+ {[%emt
0:00:01]} Rf2 {[%emt 0:00:02]} 73. Rh1 {[%emt 0:00:04]} Ra2 {[%emt 0:00:03]}
74. Rf1+ {[%emt 0:00:01]} Ke4 {[%emt 0:00:05]} 75. Rf8 {[%emt 0:00:04]} e2 {
[%emt 0:00:13]} 76. Kf2 {[%emt 0:00:18]} g3+ {[%emt 0:00:01]} 77. Ke1 {[%emt 0:
00:04]} g2 {[%emt 0:00:01]} 78. Re8+ {[%emt 0:00:12]} Kf3 {[%emt 0:00:16]} 79.
Rf8+ {[%emt 0:00:03]} Kg4 {[%emt 0:00:07]} 80. Rg8+ {[%emt 0:00:02]} Kh3 {
[%emt 0:00:01]} 81. Rh8+ {[%emt 0:00:03]} Kg3 {[%emt 0:00:01]} 82. Rg8+ {[%emt
0:00:04]} Kh2 {[%emt 0:00:02]} 83. Rh8+ {[%emt 0:00:03]} Kg1 {[%emt 0:00:01]}
84. Rf8 {[%emt 0:00:12]} Ra6 {[%emt 0:00:06]} 85. Rf2 {[%emt 0:00:07]} Ra1+ {
[%emt 0:00:03] Rf7 [%clk 00:10:05] [%emt 00:00:11]} 0-1

[Event "Atviras BTA Lietuvos RAPID2021"]
[Site "Vilnius, Lithuania"]
[Date "2021.07.17"]
[Round "9.8"]
[White "Steponavicius, Stasys"]
[Black "Kuznecovas, Kevinas"]
[Result "1-0"]
[WhiteElo "2189"]
[BlackElo "1827"]
[PlyCount "67"]

1. d4 {[%emt 0:00:03]} Nf6 {[%emt 0:00:00]} 2. c4 {[%emt 0:00:02]} e5 {[%emt 0:
00:00]} 3. dxe5 {[%emt 0:00:03]} Ng4 {[%emt 0:00:00]} 4. e4 {[%emt 0:00:04]}
Nxe5 {[%emt 0:00:01]} 5. f4 {[%emt 0:00:02]} Nec6 {[%emt 0:00:00]} 6. Be3 {
[%emt 0:00:06]} Na6 {[%emt 0:00:05]} 7. Nc3 {[%emt 0:00:55]} Bc5 {[%emt 0:00:
09]} 8. Qd2 {[%emt 0:00:31]} d6 {[%emt 0:00:15]} 9. Nf3 {[%emt 0:00:26]} Be6 {
[%emt 0:00:32]} 10. Bd3 {[%emt 0:00:18]} Bxe3 {[%emt 0:00:21]} 11. Qxe3 {[%emt
0:00:03]} Nc5 {[%emt 0:00:00]} 12. a3 {[%emt 0:00:47]} a5 {[%emt 0:00:01]} 13.
O-O {[%emt 0:00:05]} Nxd3 {[%emt 0:00:35]} 14. Qxd3 {[%emt 0:00:02]} Qf6 {
[%emt 0:00:10]} 15. f5 {[%emt 0:00:36]} Bd7 {[%emt 0:00:19]} 16. Nd5 {[%emt 0:
00:07]} Qd8 {[%emt 0:00:01]} 17. f6 {[%emt 0:00:27]} g6 {[%emt 0:01:12]} 18. e5
{[%emt 0:01:19]} Be6 {[%emt 0:00:24]} 19. Rae1 {[%emt 0:00:33]} Nxe5 {[%emt 0:
00:13]} 20. Nxe5 {[%emt 0:00:16]} dxe5 {[%emt 0:00:02]} 21. Rxe5 {[%emt 0:00:
08]} c6 {[%emt 0:00:03]} 22. Rxe6+ {[%emt 0:00:54]} fxe6 {[%emt 0:00:02]} 23.
f7+ {[%emt 0:00:01]} Kd7 {[%emt 0:00:13]} 24. Nb6+ {[%emt 0:03:05]} Ke7 {[%emt
0:00:02]} 25. Qe3 {[%emt 0:00:02]} Qd6 {[%emt 0:02:37]} 26. Qg5+ {[%emt 0:00:
35]} Kf8 {[%emt 0:00:06]} 27. Nxa8 {[%emt 0:00:06]} h6 {[%emt 0:01:03]} 28. Qf6
{[%emt 0:00:08]} Rh7 {[%emt 0:00:06]} 29. Qxg6 {[%emt 0:00:07]} Qd4+ {[%emt 0:
00:01]} 30. Kh1 {[%emt 0:00:07]} Rg7 {[%emt 0:00:01]} 31. Qxe6 {[%emt 0:00:10]}
Qd8 {[%emt 0:00:11]} 32. Qxh6 {[%emt 0:00:02]} Qd3 {[%emt 0:00:31]} 33. Qh8+ {
[%emt 0:00:05]} Ke7 {[%emt 0:00:00]} 34. f8=Q+ {[%emt 0:00:02]} 1-0